The determinants of rising female age at marriage : Taiwan, 1905-1976 /

Bibliographic Details
Main Author: Casterline, John B.
Format: Thesis Microform Book
Language:English
Published: [Place of publication not identified] : [publisher not identified] ; 1980.
Subjects:

MARC

Tag First Indicator Second Indicator Subfields
LEADER 00000cam a2200000 a 4500
001 in00000015367
005 20151007053038.0
007 he amb|||||||
008 880608r19801980miua bb 00010 eng d
035 |a (OCoLC)18056335 
035 |9 AAB0184AM 
040 |a TXA  |c TXA  |d UtOrBLW 
043 |a a-ch--- 
049 |a TXAI 
099 |a fiche  |a C  |a 6991 
100 1 |a Casterline, John B. 
245 1 4 |a The determinants of rising female age at marriage :  |b Taiwan, 1905-1976 /  |c by John Bernt Casterline. 
264 1 |a [Place of publication not identified] :  |b [publisher not identified] ;  |c 1980. 
300 |a xiv, 376 leaves :  |b illustrations 
336 |a text  |b txt  |2 rdacontent 
337 |a microform  |b h  |2 rdamedia 
338 |a microfiche  |b he  |2 rdacarrier 
502 |b Ph. D.  |c University of Michigan  |d 1980. 
504 |a Bibliography: leaves 360-376. 
533 |a Microfiche.  |b Ann Arbor, Mich. :  |c University Microfilms International,  |d 1980.  |e 5 microfiches ; 11 x 15 cm. 
500 |a Microform. 
650 0 |a Marriage age  |z Taiwan. 
650 0 |a Marriage  |z Taiwan. 
999 |a MARS 
999 f f |s 39d05d4c-3402-3817-a974-515d11f21ad1  |i eef2e9a8-02eb-3ffe-912b-74574053c9cf  |t 0 
952 f f |p normal  |a Texas A&M University  |b College Station  |c Sterling C. Evans Library  |d Evans: Microforms (3rd floor)  |t 0  |e fiche C 6991  |h Other scheme  |i microform -- microfiche  |m A14823025872 
952 f f |p normal  |a Texas A&M University  |b College Station  |c Sterling C. Evans Library  |d Evans: Microforms (3rd floor)  |t 0  |e fiche C 6991  |h Other scheme  |i microform -- microfiche  |m A14823025929 
998 f f |a fiche C 6991  |t 0  |l Evans: Microforms (3rd floor) 
998 f f |a fiche C 6991  |t 0  |l Evans: Microforms (3rd floor)